000
00323nam a2200109Ia 4500
008
200302s9999 xx 000 0 und d
100
_a
Francisco Asensio Cerver
245
_a
World of Environmental Design Landscape of Recreation I (Sports Facilities)
260
_b
Paco Asensio Publisher
260
_c
1994
300
_a
255 P.,
999
_c
1005
_d
1005